000
00330nam a22001337a 4500
008
170615b xxu||||| |||| 00| 0 eng d
020
_a
9781403989529
041
_a
eng
080
_a
32
100
_a
19
101
_a
SHP
245
_a
THE PLAGRAVE MACMILLAN DICTIONARY OF POLITICAL THOUGHT
_c
SCRUTON.R
942
_2
udc
_c
BK
999
_c
17523
_d
17523